[Event "World Youth Open U14 2017"]
[Site "Montevideo URU"]
[Date "2017.09.22"]
[Round "6.35"]
[White "Decia, Joaquin"]
[Black "Nesse, David"]
[Result "0-1"]
[WhiteElo "1362"]
[BlackElo "1716"]
[PlyCount "46"]
[EventDate "2017.09.17"]
[SourceTitle "OM OTB B 201907"]
[Source "Opening Master"]
[SourceDate "2019.07.06"]
[SourceVersion "2"]
[SourceVersionDate "2019.07.06"]
[SourceQuality "1"]

1. e4 c5 2. Nf3 Nc6 3. d4 cxd4 4. Nxd4 Nf6 5. Nc3 d6 6. Be2 e5 7. Nb3 Be7 8.
O-O a5 9. Be3 O-O 10. Nd5 Nxe4 11. Bb6 Qd7 12. Bb5 Bd8 13. Qe1 Ng5 14. Qc3 a4
15. Nc1 Qg4 16. h3 Qe4 17. Bxd8 Rxd8 18. Qd3 Qh4 19. Kh2 Nd4 20. Ne7+ Kf8 21.
Nxc8 Ndf3+ 22. Kh1 Nxh3 23. Qxf3 Ng5+ 0-1

[Event "World Youth Open U18 2017"]
[Site "Montevideo URU"]
[Date "2017.09.22"]
[Round "6.28"]
[White "Piazza, Cristian"]
[Black "Fortanelli Rios, Juan Manuel"]
[Result "1-0"]
[WhiteElo "1830"]
[BlackElo "1738"]
[PlyCount "143"]
[EventDate "2017.09.17"]
[EventType "swiss"]
[EventRounds "11"]
[EventCountry "URU"]
[SourceTitle "OM OTB B 201907"]
[Source "Opening Master"]
[SourceDate "2019.07.06"]
[SourceVersion "2"]
[SourceVersionDate "2019.07.06"]
[SourceQuality "1"]

1. e4 c5 2. Nf3 d6 3. d4 cxd4 4. Nxd4 Nf6 5. Nc3 Nc6 6. Be2 e5 7. Nb3 Be7 8.
Bg5 Be6 9. Bxf6 Bxf6 10. Qd3 a6 11. O-O-O O-O 12. Qxd6 Qxd6 13. Rxd6 Be7 14.
Rdd1 Nd4 15. Nxd4 exd4 16. Nd5 Bxd5 17. exd5 Bf6 18. f4 Rac8 19. Bf3 Rfd8 20.
g4 g5 21. fxg5 Bxg5+ 22. Kb1 Rc4 23. Rhf1 Be3 24. Be4 Rd6 25. Rf5 b5 26. Rdf1
Rc7 27. Rh5 h6 28. h4 Re7 29. Bd3 f6 30. Bf5 Kg7 31. Be6 Re8 32. Rhf5 Rf8 33.
c3 dxc3 34. bxc3 Bb6 35. g5 hxg5 36. hxg5 Bd8 37. R5f3 f5 38. Rxf5 Rxf5 39.
Rxf5 Kg6 40. Rf8 Bxg5 41. Kc2 Bh6 42. Rf3 Rd8 43. Rf7 Rd6 44. Kd3 Bg7 45. c4
bxc4+ 46. Kxc4 Bb2 47. Rf3 Be5 48. Kc5 Bh2 49. a4 Rd8 50. Kb6 Rd6+ 51. Kb7 Be5
52. a5 Bd4 53. Rb3 Kf6 54. Rf3+ Ke7 55. Rf7+ Ke8 56. Rc7 Be3 57. Rc6 Ke7 58.
Kxa6 Rd8 59. Kb7 Bf4 60. Rc8 Rd6 61. a6 Be3 62. Rc6 Rd8 63. Bc8 Bg1 64. Re6+
Kf7 65. d6 Bc5 66. Kc7 Rh8 67. Re5 Bxd6+ 68. Kxd6 Rxc8 69. a7 Kf6 70. Ra5 Rd8+
71. Kc7 Ra8 72. Kb7 1-0

[Event "World Youth Open U16 2017"]
[Site "Montevideo URU"]
[Date "2017.09.20"]
[Round "5.11"]
[White "Falcon, Benjamin"]
[Black "Gumularz, Szymon"]
[Result "0-1"]
[WhiteElo "2129"]
[BlackElo "2346"]
[PlyCount "74"]
[EventDate "2017.09.17"]
[SourceTitle "OM OTB B 201907"]
[Source "Opening Master"]
[SourceDate "2019.07.06"]
[SourceVersion "2"]
[SourceVersionDate "2019.07.06"]
[SourceQuality "1"]

1. e4 c5 2. Nf3 d6 3. d4 cxd4 4. Nxd4 Nf6 5. Nc3 Nc6 6. Be2 e5 7. Nb3 Be7 8.
Bg5 O-O 9. Bxf6 Bxf6 10. Nd5 Bg5 11. O-O Be6 12. Qd3 Rc8 13. c3 Ne7 14. Nxe7+
Qxe7 15. Rad1 Rfd8 16. Qb1 g6 17. Bf3 b5 18. Rfe1 Qc7 19. Nd2 a5 20. Nf1 b4 21.
cxb4 axb4 22. Ne3 Qa5 23. b3 Rc6 24. Rc1 Rdc8 25. Rxc6 Rxc6 26. Nd5 Bxd5 27.
exd5 Rc3 28. Rd1 Qc5 29. Be4 Kg7 30. Qb2 f5 31. Bb1 e4 32. Qe2 Rc1 33. Qb2+ Qc3
34. Qe2 Kf6 35. g3 Rxd1+ 36. Qxd1 Ke5 37. Kf1 Qc1 0-1

[Event "World Youth Girl U18 2017"]
[Site "Montevideo URU"]
[Date "2017.09.19"]
[Round "4.14"]
[White "Weber, Eduarda Pasqualoto"]
[Black "Narva, M."]
[Result "1/2-1/2"]
[WhiteElo "1829"]
[BlackElo "2226"]
[PlyCount "71"]
[EventDate "2017.09.17"]
[SourceTitle "OM OTB B 201907"]
[Source "Opening Master"]
[SourceDate "2019.07.06"]
[SourceVersion "2"]
[SourceVersionDate "2019.07.06"]
[SourceQuality "1"]

1. e4 c5 2. Nf3 d6 3. d4 cxd4 4. Nxd4 Nf6 5. Nc3 Nc6 6. Be2 e5 7. Nb3 Be7 8.
O-O O-O 9. f4 a5 10. a4 exf4 11. Bxf4 Be6 12. Kh1 d5 13. exd5 Nxd5 14. Nxd5
Bxd5 15. Bf3 Bc4 16. Qxd8 Rfxd8 17. Rfd1 Bxb3 18. Bxc6 Bxc2 19. Bxb7 Rxd1+ 20.
Rxd1 Bxd1 21. Bxa8 Bxa4 22. Bd2 Bd8 23. b4 axb4 24. Bxb4 Bb3 25. Bc5 f5 26. Kg1
Bc7 27. h3 Kf7 28. Kf2 Ke6 29. Bd4 Be5 30. Bc5 g5 31. Bf3 Bd5 32. Bxd5+ Kxd5
33. Be7 Bf4 34. Kf3 Bc1 35. g4 Ke6 36. Bd8 1/2-1/2

[Event "RUS-ch Silent"]
[Site "Zelenograd"]
[Date "2017.09.19"]
[Round "1"]
[White "Puryasev, Anatoliy"]
[Black "Gerasimov, Aleksander"]
[Result "0-1"]
[WhiteElo "1799"]
[BlackElo "2104"]
[PlyCount "100"]
[EventDate "2017.09.19"]
[EventType "swiss"]
[EventRounds "11"]
[EventCountry "RUS"]
[SourceTitle "OM OTB B 201907"]
[Source "Opening Master"]
[SourceDate "2019.07.06"]
[SourceVersion "2"]
[SourceVersionDate "2019.07.06"]
[SourceQuality "1"]

1. e4 c5 2. Nf3 Nc6 3. d4 cxd4 4. Nxd4 Nf6 5. Nc3 d6 6. Be2 e5 7. Nf3 h6 8. h3
Be7 9. O-O O-O 10. Be3 a6 11. Qd2 Be6 12. Rfd1 Rc8 13. Nh2 Re8 14. Nf1 Bf8 15.
Ng3 Qc7 16. a3 b5 17. Rac1 Na5 18. f4 Nc4 19. Bxc4 Qxc4 20. f5 Bd7 21. Qd3 Qc7
22. Qe2 Bc6 23. Nd5 Bxd5 24. exd5 Qb7 25. Qd3 e4 26. Qd2 Re5 27. Bd4 Rxd5 28.
Qe3 Rxd4 29. Qxd4 d5 30. Kh1 Bc5 31. Qd2 Qb6 32. Qe2 Bf2 33. Nf1 e3 34. c3 Re8
35. Rd4 Re5 36. g4 Ne4 37. Kg2 Nc5 38. Rcd1 Qc6 39. Nh2 Nb3 40. Nf3 Nxd4 41.
Rxd4 Re8 42. Nh2 Qd6 43. Nf1 Qe5 44. Kf3 Rc8 45. Kg2 Rc4 46. Rxc4 dxc4 47. Kh1
Qe4+ 48. Kh2 Qd3 49. Qxd3 cxd3 50. Kg2 d2 0-1

[Event "FICS rated standard game"]
[Site "FICS freechess.org"]
[Date "2017.09.19"]
[Round "?"]
[White "GriffyJr"]
[Black "FraLav"]
[Result "1-0"]
[WhiteElo "2134"]
[BlackElo "2096"]
[PlyCount "51"]
[EventDate "2017.??.??"]
[EventType "swiss"]

1. e4 c5 2. Nf3 d6 3. d4 cxd4 4. Nxd4 Nf6 5. Nc3 Nc6 6. Be2 e5 7. Nxc6 bxc6 8.
O-O Be7 9. Bg5 O-O 10. Bc4 Be6 11. Bxe6 fxe6 12. Qf3 Qd7 13. Qh3 Rab8 14. b3 h6
15. Be3 d5 16. exd5 cxd5 17. Qg3 d4 18. Bxh6 Nh5 19. Qxe5 dxc3 20. Rad1 Qc8 21.
Qxh5 gxh6 22. Qg6+ Kh8 23. Qxh6+ Kg8 24. Qg6+ Kh8 25. Qh6+ Kg8 26. Qg6+ 1-0

[Event "World Youth Girl U16 2017"]
[Site "Montevideo URU"]
[Date "2017.09.18"]
[Round "3.16"]
[White "Nemcova, Karin"]
[Black "Sanikidze, Salome"]
[Result "1-0"]
[WhiteElo "1964"]
[BlackElo "1773"]
[PlyCount "123"]
[EventDate "2017.09.17"]
[SourceTitle "OM OTB B 201907"]
[Source "Opening Master"]
[SourceDate "2019.07.06"]
[SourceVersion "2"]
[SourceVersionDate "2019.07.06"]
[SourceQuality "1"]

1. e4 c5 2. Nf3 d6 3. d4 cxd4 4. Nxd4 Nf6 5. Nc3 Nc6 6. Be2 e5 7. Nb3 Be7 8.
Be3 O-O 9. O-O a5 10. a4 Nb4 11. Bg5 Be6 12. Bxf6 Bxf6 13. Bf3 Rc8 14. g3 Qb6
15. Nc1 Na6 16. Nd3 Bc4 17. Bg4 Rcd8 18. Qd2 Nc5 19. Be2 Nxd3 20. Bxd3 Be6 21.
b3 h6 22. h4 Rc8 23. Rad1 Rxc3 24. Qxc3 Bg4 25. Rc1 d5 26. Qd2 dxe4 27. Bxe4
Rd8 28. Qe3 Qxe3 29. fxe3 b6 30. Bf3 Bxf3 31. Rxf3 Be7 32. Kg2 Bc5 33. Re1 f6
34. Rff1 Rd2+ 35. Rf2 Rd8 36. Kf3 Kf7 37. Ke2 Ke6 38. Rff1 Bb4 39. Rd1 Rc8 40.
Kf3 Rxc2 41. Rc1 Rxc1 42. Rxc1 Bc5 43. Rd1 f5 44. e4 Bd4 45. exf5+ Kxf5 46. g4+
Ke6 47. Ke4 Bf2 48. h5 Bc5 49. Rf1 Bd4 50. Rf8 Ke7 51. Rc8 Kf6 52. Rc6+ Ke7 53.
Kf5 Kf7 54. Rc7+ Kf8 55. Kg6 e4 56. Rc4 Bc5 57. Rxe4 Bd6 58. Re2 Bc5 59. Re6
Bd4 60. Rc6 Ke7 61. Rc7+ Kf8 62. Rb7 1-0

[Event "World Youth Open U18 2017"]
[Site "Montevideo URU"]
[Date "2017.09.17"]
[Round "1.22"]
[White "Fortanelli Rios, Juan Manuel"]
[Black "Kozusek, Daniel"]
[Result "1-0"]
[WhiteElo "1738"]
[BlackElo "2265"]
[PlyCount "67"]
[EventDate "2017.09.17"]
[EventType "swiss"]
[EventRounds "11"]
[EventCountry "URU"]
[SourceTitle "OM OTB B 201907"]
[Source "Opening Master"]
[SourceDate "2019.07.06"]
[SourceVersion "2"]
[SourceVersionDate "2019.07.06"]
[SourceQuality "1"]

1. e4 c5 2. Nf3 d6 3. d4 cxd4 4. Nxd4 Nf6 5. Nc3 Nc6 6. Be2 e5 7. Nf3 Be7 8.
O-O O-O 9. Re1 h6 10. Bf1 a6 11. h3 Re8 12. Nd5 Nxd5 13. exd5 Nb8 14. c3 f5 15.
Bc4 Nd7 16. Be3 Kh7 17. Bb3 Nf6 18. Qe2 Bf8 19. Rad1 g6 20. Bc2 b5 21. a4 Bd7
22. Bc1 bxa4 23. Qc4 Bb5 24. Qh4 Ne4 25. Rxe4 fxe4 26. Qxe4 Qf6 27. Nh4 Kg8 28.
Nxg6 Qg7 29. c4 Bd7 30. Rd3 Be7 31. Nxe7+ Qxe7 32. Rg3+ Kh8 33. Qg6 e4 34. Bxe4
1-0

[Event "Oberliga NRW 1718"]
[Site "Germany"]
[Date "2017.09.17"]
[Round "1.5"]
[White "Ramien, David"]
[Black "Kaufeld, Juergen"]
[Result "1-0"]
[WhiteElo "2092"]
[BlackElo "2259"]
[PlyCount "67"]
[EventDate "2017.09.17"]
[EventType "team-tourn"]
[EventRounds "9"]
[EventCountry "GER"]
[SourceTitle "OM OTB B 201907"]
[Source "Opening Master"]
[SourceDate "2019.07.06"]
[SourceVersion "2"]
[SourceVersionDate "2019.07.06"]
[SourceQuality "1"]
[WhiteTeam "Koeln Porz II"]
[BlackTeam "Oberhausen"]
[WhiteTeamCountry "GER"]
[BlackTeamCountry "GER"]

1. e4 c5 2. Nf3 d6 3. d4 cxd4 4. Nxd4 Nf6 5. Nc3 Nc6 6. Be2 e5 7. Nf3 h6 8. O-O
Be7 9. Re1 O-O 10. h3 Be6 11. Bf1 Nb8 12. a4 Nbd7 13. a5 a6 14. b3 Qc7 15. Bb2
Rac8 16. Nd2 Qc6 17. Nc4 Rfd8 18. Qf3 Nh7 19. Nd5 Bf8 20. Rad1 Ng5 21. Qe2 f5
22. Ndb6 Nxe4 23. Nxc8 Rxc8 24. Qf3 Qc7 25. Ne3 Qxa5 26. Bc4 d5 27. Bxd5 Bxd5
28. Nxd5 Rxc2 29. Qxf5 Rxb2 30. Rxe4 Qc5 31. Rc4 Qd6 32. Ne3 Rd2 33. Rxd2 Qxd2
34. Rc8 1-0

[Event "FICS rated standard game"]
[Site "FICS freechess.org"]
[Date "2017.09.17"]
[Round "?"]
[White "Piggi"]
[Black "Jacadux"]
[Result "1-0"]
[WhiteElo "2121"]
[BlackElo "1967"]
[PlyCount "112"]
[EventDate "2017.??.??"]
[EventType "swiss"]

1. e4 c5 2. Nf3 d6 3. Nc3 Nc6 4. d4 cxd4 5. Nxd4 Nf6 6. Be2 e5 7. Nf3 Be7 8.
Bg5 O-O 9. O-O Be6 10. Bxf6 Bxf6 11. Nd5 Rc8 12. c4 g6 13. Qb3 Na5 14. Qb4 Bg7
15. Rad1 f5 16. Ne3 fxe4 17. Ng5 Nc6 18. Qxd6 Nd4 19. Qxd8 Rfxd8 20. Nxe6 Nxe2+
21. Kh1 Rxd1 22. Rxd1 Nd4 23. Ng5 Nf5 24. b3 Nxe3 25. fxe3 Bh6 26. Nxe4 Bxe3
27. g3 Rf8 28. Rd7 Rf7 29. Rd8+ Kg7 30. Kg2 b6 31. b4 Rc7 32. Kf3 Bg1 33. Nd6
Kf6 34. Ne8+ Ke7 35. Nxc7 Kxd8 36. Nd5 a5 37. bxa5 bxa5 38. h3 h5 39. Ke4 Bd4
40. Nf6 Ke7 41. Nh7 Bc3 42. Kd5 Bd4 43. Ng5 Bc3 44. c5 Bd4 45. g4 hxg4 46. hxg4
Be3 47. Ne4 Bd4 48. Nd6 Bg1 49. c6 Kd8 50. Nf7+ Kc7 51. Nxe5 g5 52. Nc4 a4 53.
Nb2 Be3 54. Nxa4 Bf2 55. Nc5 Bg1 56. Ne6+ Kc8 1-0

[Event "EU-ch U14 Girls 27th"]
[Site "Mamaia"]
[Date "2017.09.12"]
[Round "7"]
[White "Tamrazyan, Gohar"]
[Black "Dimitrijevic, Andjela"]
[Result "1-0"]
[WhiteElo "1831"]
[BlackElo "1544"]
[PlyCount "115"]
[EventDate "2017.09.05"]
[EventType "swiss"]
[EventRounds "9"]
[EventCountry "ROU"]
[SourceTitle "OM OTB B 201907"]
[Source "Opening Master"]
[SourceDate "2019.07.06"]
[SourceVersion "2"]
[SourceVersionDate "2019.07.06"]
[SourceQuality "1"]

1. e4 c5 2. Nc3 d6 3. Nf3 Nc6 4. d4 cxd4 5. Nxd4 Nf6 6. Be2 e5 7. Nb3 Be7 8.
O-O O-O 9. Be3 a5 10. Nd2 Be6 11. Nc4 b5 12. Nxb5 Nxe4 13. f3 Bxc4 14. fxe4 Be6
15. Nc3 Nb4 16. a3 Na6 17. Na4 Nc5 18. Nxc5 dxc5 19. Qe1 Qc7 20. Qg3 Kh8 21.
Bg4 Rab8 22. Bxe6 fxe6 23. Rxf8+ Rxf8 24. Qg4 Qc6 25. b3 Qd6 26. Rd1 Qc6 27.
Rd3 Rc8 28. Bf2 Bd8 29. Rf3 Qe8 30. Qh5 Bb6 31. Qxe5 Qd7 32. Rd3 Qe7 33. Rd6
Bc7 34. Rxe6 Bxe5 35. Rxe7 Bf6 36. Ra7 Bd8 37. Bxc5 Kg8 38. Bd4 Bc7 39. e5 Kf8
40. e6 g6 41. c4 Ke8 42. Kf2 h5 43. g3 Kf8 44. Kf3 Ke8 45. Ke4 Kf8 46. Bc5+ Ke8
47. Kd5 Kd8 48. e7+ Ke8 49. Ra6 Kf7 50. Rc6 Ke8 51. Bd6 Kd7 52. Rxc7+ Rxc7 53.
Bxc7 Kxc7 54. e8=Q g5 55. Qc6+ Kb8 56. Qd7 Ka8 57. Kc6 Kb8 58. Qb7# 1-0

[Event "POL-chT 1st League"]
[Site "Poronin"]
[Date "2017.09.10"]
[Round "9.3"]
[White "Toma, Katarzyna"]
[Black "Przezdziecka, Ewa"]
[Result "1/2-1/2"]
[WhiteElo "2262"]
[BlackElo "2183"]
[PlyCount "107"]
[EventDate "2017.09.02"]
[EventType "team-tourn"]
[EventRounds "9"]
[EventCountry "POL"]
[SourceTitle "OM OTB B 201907"]
[Source "Opening Master"]
[SourceDate "2019.07.06"]
[SourceVersion "2"]
[SourceVersionDate "2019.07.06"]
[SourceQuality "1"]
[WhiteTeam "Lublin Drakon"]
[BlackTeam "Wisznia Mala Bialy Krol"]
[WhiteTeamCountry "POL"]
[BlackTeamCountry "POL"]

1. e4 c5 2. Nf3 Nc6 3. d4 cxd4 4. Nxd4 Nf6 5. Nc3 d6 6. Be2 e5 7. Nf3 h6 8. O-O
Be6 9. b3 d5 10. exd5 Nxd5 11. Bb2 Nxc3 12. Bxc3 Bd6 13. Bb5 f6 14. Qd3 O-O 15.
Rad1 Be7 16. Bc4 Bf7 17. Bxf7+ Rxf7 18. Qg6 Qc7 19. Nh4 Bc5 20. Nf5 Kh8 21. Rd3
Raf8 22. Rfd1 Ne7 23. Nxe7 Rxe7 24. Rh3 Rd7 25. Re1 Qb6 26. Kf1 Bxf2 27. Re4
Bc5 28. Reh4 Be3 29. a4 Bg5 30. Rg4 Qa6+ 31. Ke1 Qd6 32. Rd3 Qe6 33. Rc4 Rxd3
34. Qxd3 Rc8 35. Rb4 Qc6 36. Rc4 Qe8 37. Rb4 b6 38. h4 Bc1 39. Re4 Rd8 40. Qe2
Qd7 41. Rc4 Rc8 42. Qd3 Qb7 43. h5 Rxc4 44. Qxc4 Bg5 45. Bb2 Qd7 46. Bc3 Qe8
47. g4 Qa8 48. Kf2 e4 49. Qe6 e3+ 50. Kg1 Qd8 51. Kg2 Qa8+ 52. Kg1 Qb8 53. Kg2
Qb7+ 54. Kg1 1/2-1/2

[Event "EU-ch U14 27th"]
[Site "Mamaia"]
[Date "2017.09.09"]
[Round "5"]
[White "Marko, Pirro"]
[Black "Popvasilev, Kalojan"]
[Result "0-1"]
[WhiteElo "1492"]
[BlackElo "1978"]
[PlyCount "86"]
[EventDate "2017.09.05"]
[EventType "swiss"]
[EventRounds "9"]
[EventCountry "ROU"]
[SourceTitle "OM OTB B 201907"]
[Source "Opening Master"]
[SourceDate "2019.07.06"]
[SourceVersion "2"]
[SourceVersionDate "2019.07.06"]
[SourceQuality "1"]

1. e4 c5 2. Nf3 d6 3. d4 Nf6 4. Nc3 cxd4 5. Nxd4 Nc6 6. Be2 e5 7. Nb3 Be7 8.
Bg5 O-O 9. Bxf6 Bxf6 10. Nd5 Bg5 11. Qd3 f5 12. f3 fxe4 13. fxe4 Be6 14. Nd2
Bxd2+ 15. Kxd2 Nd4 16. Bf3 Bxd5 17. exd5 Qg5+ 18. Ke1 Rac8 19. c3 Nxf3+ 20.
gxf3 Qg2 21. Rf1 Qxb2 22. Rb1 Qxc3+ 23. Qxc3 Rxc3 24. Rxb7 Rc1+ 25. Ke2 Rxf1
26. Kxf1 Rxf3+ 27. Ke2 Ra3 28. Rb2 Kf7 29. Rd2 Kf6 30. Kd1 e4 31. Kc1 Ke5 32.
Kb2 Rd3 33. Rg2 g6 34. Rg5+ Kd4 35. h4 Rd2+ 36. Kb3 Rh2 37. Rg4 Kxd5 38. Rg5+
Kd4 39. Ra5 e3 40. Rxa7 e2 41. Re7 Rh3+ 42. Kc2 Re3 43. Rxe3 Kxe3 0-1

[Event "Trieste ITA, 19th Open"]
[Site "Trieste ITA"]
[Date "2017.09.08"]
[Round "8.2"]
[White "Kovchan, Alexander"]
[Black "Baklan, Vladimir"]
[Result "1/2-1/2"]
[WhiteElo "2596"]
[BlackElo "2600"]
[PlyCount "23"]
[EventDate "2017.09.02"]
[EventType "swiss"]
[EventRounds "9"]
[EventCountry "ITA"]
[SourceTitle "OM OTB B 201907"]
[Source "Opening Master"]
[SourceDate "2019.07.06"]
[SourceVersion "2"]
[SourceVersionDate "2019.07.06"]
[SourceQuality "1"]

1. e4 c5 2. Nf3 d6 3. d4 cxd4 4. Nxd4 Nf6 5. Nc3 Nc6 6. Be2 e5 7. Nf3 h6 8. O-O
Be7 9. Re1 O-O 10. h3 Be6 11. Bf1 Qa5 12. Bd2 1/2-1/2

[Event "POL-chT 2nd League"]
[Site "Szklarska Poreba"]
[Date "2017.09.05"]
[Round "4.7"]
[White "Korcz, Daniel"]
[Black "Zurkowski, Andrzej2"]
[Result "0-1"]
[WhiteElo "1790"]
[BlackElo "2048"]
[PlyCount "94"]
[EventDate "2017.09.02"]
[EventType "team-swiss"]
[EventRounds "9"]
[EventCountry "POL"]
[SourceTitle "OM OTB B 201907"]
[Source "Opening Master"]
[SourceDate "2019.07.06"]
[SourceVersion "2"]
[SourceVersionDate "2019.07.06"]
[SourceQuality "1"]
[WhiteTeam "Jaworzno"]
[BlackTeam "Debica Gryf"]
[WhiteTeamCountry "POL"]
[BlackTeamCountry "POL"]

1. e4 c5 2. Nf3 Nc6 3. d4 cxd4 4. Nxd4 Nf6 5. Nc3 d6 6. Be2 e5 7. Nb3 Be6 8.
Be3 Be7 9. O-O d5 10. exd5 Nxd5 11. Nxd5 Bxd5 12. c3 O-O 13. Qd3 Be6 14. Qb5
Qc7 15. Nc5 Bc8 16. Rad1 a6 17. Qa4 Bf5 18. Bd3 Bxd3 19. Rxd3 Rfd8 20. Rfd1
Rxd3 21. Rxd3 Bxc5 22. Bxc5 Rd8 23. Qd1 Rxd3 24. Qxd3 Qd8 25. Qxd8+ Nxd8 26.
Kf1 f6 27. Ke2 Kf7 28. Kd3 Ke6 29. Bf8 g5 30. Kc4 Kd7 31. Bc5 Ne6 32. g3 g4 33.
Be3 Kc6 34. a4 f5 35. b4 b5+ 36. axb5+ axb5+ 37. Kd3 Kd5 38. c4+ bxc4+ 39. Kc3
Nd4 40. Bh6 Nb5+ 41. Kd2 Ke4 42. Ke2 c3 43. Be3 f4 44. gxf4 exf4 45. Bc5 h5 46.
Bf8 Nd4+ 47. Kd1 Ke5 0-1

[Event "FICS rated standard game"]
[Site "FICS freechess.org"]
[Date "2017.09.05"]
[Round "?"]
[White "GriffyJr"]
[Black "Bejoymathew"]
[Result "0-1"]
[WhiteElo "2155"]
[BlackElo "1961"]
[PlyCount "86"]
[EventDate "2017.??.??"]
[EventType "swiss"]

1. e4 c5 2. Nf3 Nc6 3. d4 cxd4 4. Nxd4 Nf6 5. Nc3 d6 6. Be2 e5 7. Nxc6 bxc6 8.
O-O Be7 9. Bg5 Qc7 10. Bc4 h6 11. Bxf6 Bxf6 12. Qh5 g6 13. Qf3 Bh4 14. g3 Bg5
15. h4 Bd8 16. Rad1 O-O 17. h5 g5 18. Rfe1 Qd7 19. Rd2 Qe7 20. Red1 Bc7 21. g4
Be6 22. Bb3 Rad8 23. Kh1 Qd7 24. Bxe6 fxe6 25. Qg3 Rf6 26. Qxe5 Rf4 27. f3 Qf7
28. Qd4 Bb6 29. Qc4 Rxf3 30. Rd3 Rf1+ 31. Rxf1 Qxf1+ 32. Kh2 Bg1+ 33. Kh1 Be3+
34. Kh2 Qg1+ 35. Kh3 Qh1+ 36. Kg3 Qh4+ 37. Kg2 Qf2+ 38. Kh3 Qf1+ 39. Kh2 Qf2+
40. Kh3 Qh4+ 41. Kg2 Qxg4+ 42. Kf1 Qg1+ 43. Ke2 Qf2+ 0-1

[Event "FICS rated standard game"]
[Site "FICS freechess.org"]
[Date "2017.09.04"]
[Round "?"]
[White "xiebiao"]
[Black "MrsLurking"]
[Result "0-1"]
[WhiteElo "1826"]
[BlackElo "2402"]
[PlyCount "52"]
[EventDate "2017.??.??"]
[EventType "swiss"]

1. e4 c5 2. Nf3 Nc6 3. d4 cxd4 4. Nxd4 Nf6 5. Nc3 d6 6. Be2 e5 7. Nxc6 bxc6 8.
O-O Be7 9. Kh1 O-O 10. f4 Rb8 11. fxe5 dxe5 12. Qxd8 Rxd8 13. b3 Be6 14. Bb2
Ng4 15. Bxg4 Bxg4 16. h3 Bc8 17. Rfd1 Rd4 18. Kh2 Ba6 19. Nd5 cxd5 20. Bxd4
exd4 21. exd5 Rc8 22. Rd2 Bb7 23. Re2 Bc5 24. c4 dxc3 25. Rc2 Bxd5 26. Rd1 Bd6+
0-1

[Event "Innsbruck AUT, Sillpark Open-B"]
[Site "Innsbruck SILLPARK"]
[Date "2017.09.01"]
[Round "8.9"]
[White "Schranzhofer, Marco"]
[Black "Heinrich, Leon"]
[Result "1/2-1/2"]
[WhiteElo "1820"]
[BlackElo "1620"]
[PlyCount "59"]
[EventDate "2017.08.25"]
[EventType "swiss"]
[EventRounds "9"]
[EventCountry "AUT"]
[SourceTitle "OM OTB B 201907"]
[Source "Opening Master"]
[SourceDate "2019.07.06"]
[SourceVersion "2"]
[SourceVersionDate "2019.07.06"]
[SourceQuality "1"]

1. e4 c5 2. Nf3 d6 3. d4 cxd4 4. Nxd4 Nf6 5. Nc3 Nc6 6. Be2 e5 7. Nf3 Bg4 8.
O-O Be7 9. Re1 O-O 10. Be3 Qd7 11. Nd2 Bxe2 12. Qxe2 d5 13. exd5 Nxd5 14. Nxd5
Qxd5 15. Nb3 Rad8 16. Rad1 Qe4 17. c3 Rxd1 18. Rxd1 f5 19. Kf1 Rd8 20. Ra1 f4
21. Bc5 Qxe2+ 22. Kxe2 Bxc5 23. Nxc5 b6 24. Ne4 Kf7 25. g3 h6 26. h4 Ke6 27.
gxf4 exf4 28. Rg1 Kf5 29. f3 g6 30. Nf2 1/2-1/2

[Event "FICS rated standard game"]
[Site "FICS freechess.org"]
[Date "2017.08.28"]
[Round "?"]
[White "MRShrestha"]
[Black "exeComp"]
[Result "0-1"]
[WhiteElo "1705"]
[BlackElo "2581"]
[PlyCount "48"]
[EventDate "2017.??.??"]
[EventType "swiss"]

1. e4 c5 2. Nf3 Nc6 3. d4 cxd4 4. Nxd4 Nf6 5. Nc3 d6 6. Be2 e5 7. Nf3 h6 8. O-O
Be7 9. Re1 O-O 10. a3 Be6 11. h3 d5 12. exd5 Nxd5 13. Nxd5 Qxd5 14. Qxd5 Bxd5
15. c4 Be6 16. Bd3 f6 17. Be3 f5 18. Nh2 e4 19. Bf1 Rad8 20. b4 f4 21. Bc1 Bf6
22. Rb1 Bc3 23. Rxe4 Bf5 24. Rxf4 Bxb1 0-1

[Event "ARG-chT"]
[Site "Villa Martelli"]
[Date "2017.08.26"]
[Round "4.3"]
[White "Rodriguez Vila, Andres"]
[Black "Pichot, Alan"]
[Result "0-1"]
[WhiteElo "2483"]
[BlackElo "2565"]
[PlyCount "86"]
[EventDate "2017.08.05"]
[EventType "team"]
[EventRounds "9"]
[EventCountry "ARG"]
[SourceTitle "OM OTB B 201907"]
[Source "Opening Master"]
[SourceDate "2019.07.06"]
[SourceVersion "2"]
[SourceVersionDate "2019.07.06"]
[SourceQuality "1"]
[WhiteTeam "Republica Martelli"]
[BlackTeam "Obras AySa"]
[WhiteTeamCountry "ARG"]
[BlackTeamCountry "ARG"]

1. e4 c5 2. Nf3 Nc6 3. d4 cxd4 4. Nxd4 Nf6 5. Nc3 d6 6. Be2 e5 7. Nf3 Be7 8.
O-O O-O 9. Bg5 Be6 10. Bxf6 Bxf6 11. Nd5 Bg5 12. c4 g6 13. Qb3 Rb8 14. Rad1 f5
15. Nxg5 Qxg5 16. f4 exf4 17. Nxf4 Bf7 18. exf5 Qxf5 19. Nd5 Qe5 20. Nf6+ Kg7
21. Nd7 Qxe2 22. Qc3+ Ne5 23. Nxb8 Rxb8 24. c5 Qc4 25. cxd6 Qxc3 26. bxc3 Bxa2
27. d7 Rd8 28. Rfe1 Nc6 29. Rd6 Kf7 30. Re2 Bc4 31. Re4 Bb3 32. c4 Bc2 33. Rh4
h5 34. h3 a5 35. Rd2 Bb3 36. Rf4+ Kg7 37. c5 a4 38. Rd3 Ra8 39. Re4 Bf7 40.
Ree3 Rd8 41. Re4 Bb3 42. Re8 Kf7 43. Rxd8 Nxd8 0-1

[Event "St Petersburg RUS, Summer Rapid 2017"]
[Site "St Petersburg RUS"]
[Date "2017.08.26"]
[Round "2.12"]
[White "Lintchevski, Daniil"]
[Black "Abramov, Nikita"]
[Result "1-0"]
[WhiteElo "2569"]
[BlackElo "2311"]
[PlyCount "103"]
[EventDate "2017.08.26"]
[EventType "swiss (rapid)"]
[EventRounds "11"]
[EventCountry "RUS"]
[SourceTitle "OM OTB B 201907"]
[Source "Opening Master"]
[SourceDate "2019.07.06"]
[SourceVersion "2"]
[SourceVersionDate "2019.07.06"]
[SourceQuality "1"]

1. e4 c5 2. Nf3 d6 3. d4 cxd4 4. Nxd4 Nf6 5. Nc3 Nc6 6. Be2 e5 7. Nf3 h6 8. O-O
Be7 9. h3 O-O 10. Re1 Be6 11. Bf1 Rc8 12. Nd5 Bxd5 13. exd5 Nb4 14. c4 a5 15.
a3 Na6 16. Rb1 Nd7 17. b4 axb4 18. axb4 Re8 19. Qb3 Bf8 20. Bb2 g6 21. h4 h5
22. g3 Nf6 23. c5 Ng4 24. Rbd1 Bg7 25. Ng5 Bf6 26. Ne4 Be7 27. Bb5 Rf8 28. Be2
f5 29. Nxd6 Bxd6 30. cxd6 Qxd6 31. Bxg4 fxg4 32. Bxe5 Qxb4 33. Qxb4 Nxb4 34.
Bd6 Nc2 35. Re6 Rf5 36. Bf4 Rd8 37. d6 Rd7 38. Rxg6+ Kf7 39. Rh6 Kg7 40. Re6
Kf7 41. Re4 b5 42. Bg5 Kg7 43. Re7+ Rf7 44. Rd5 b4 45. Rf5 Rfxe7 46. dxe7 Rd1+
47. Kg2 Re1 48. Rf8 b3 49. e8=Q Rxe8 50. Rxe8 b2 51. Rb8 Ne1+ 52. Kf1 1-0